Statistics for Pronunciation of countries

Click here to take the quiz!

General Stats

  • This quiz has been taken 46 times
    (33 since last reset)
  • The average score is 36 of 43

Answer Stats

HintAnswer% Correct
I RackIraq
97%
Mad A Gas CarMadagascar
97%
Bang Le DeshBangladesh
93%
Thai WaunTaiwan
93%
ChillyChile
90%
Coast Uh ReekaCosta Rica
90%
FeejiFiji
90%
HungryHungary
90%
Bell JumBelgium
86%
Cube AhCuba
86%
Den Mark (lol)Denmark
86%
Fin lindFinland
86%
Hey TeeHaiti
86%
Ice LandIceland
86%
Qoo WaitKuwait
86%
Rome Ane yaRomania
86%
Saw De Arae BiaSaudi Arabia
86%
Ur A GoowayUruguay
86%
Zem Bob WayZimbabwe
86%
Bar Bay DosBarbados
83%
Bell Ah RuzeBelarus
83%
Boo TanBhutan
83%
Psy PrisCyprus
83%
Gone AhGhana
83%
Is RealIsrael
83%
Lucks Um BurgLuxembourg
83%
Papa New Gin eePapua New Guinea
83%
R Wand AhRwanda
83%
Sing Uh PoorSingapore
83%
Guinea Pig Minus PigGuinea
79%
Mon Ten A GroMontenegro
79%
Sey ShellSeychelles
79%
Sur InameSuriname
79%
Brew NiBrunei
76%
Dum In I CuDominica
76%
Guy AnuhGuyana
76%
Lick Tin StineLiechtenstein
76%
Nar RuNauru
76%
CutterQatar
76%
Coat Deev WireCote D'ivoire
72%
Ja BootyDjibouti
72%
Pull OwPalau
69%
Buh Hom UzBahamas
66%

Score Distribution

Percentile by Number Answered

Percent of People with Each Score

Your Score History

You have not taken this quiz since the last reset